[Event "Arco op 45th"]
[Site "Arco"]
[Date "2023.10.15"]
[Round "9"]
[White "Andersen, Lars Christoff"]
[Black "Rametta, Marcello"]
[Result "1/2-1/2"]
[WhiteElo "1977"]
[BlackElo "1725"]
[PlyCount "59"]
[EventDate "2023.10.07"]
[EventType "swiss"]
[EventRounds "9"]
[EventCountry "ITA"]
[SourceTitle "Mega2024 Update 01"]
[Source "Chessbase"]
[SourceDate "2023.11.12"]
[SourceVersion "1"]
[SourceVersionDate "2023.11.12"]
[SourceQuality "1"]

1. Nf3 d5 2. e3 g6 3. c4 c6 4. Nc3 e6 5. d4 Bg7 6. Bd3 Ne7 7. 0-0 0-0 8. b3 Nd7 9. Bb2 a6 10. e4 e5 11. cxd5 cxd5 12. Nxd5 Nxd5 13. exd5 exd4 14. Bxd4 Bxd4 15. Nxd4 Ne5 16. Nf3 Qxd5 17. Nxe5 Qxe5 18. Qf3 Rb8 19. Rfe1 Qb2 20. Be4 b5 21. Bd5 Be6 22. Bxe6 fxe6 23. Qe2 Qxe2 24. Rxe2 Rb6 25. Rae1 Re8 26. f4 Kf7 27. Kf2 Kf6 28. Kf3 h5 29. g3 Rd6 30. h3 1/2-1/2

[Event "Arco op 45th"]
[Site "Arco"]
[Date "2023.10.14"]
[Round "8"]
[White "Rametta, Marcello"]
[Black "Aarav, Bhavin Mehta"]
[Result "1/2-1/2"]
[WhiteElo "1725"]
[BlackElo "1877"]
[PlyCount "68"]
[EventDate "2023.10.07"]
[EventType "swiss"]
[EventRounds "9"]
[EventCountry "ITA"]
[SourceTitle "Mega2024 Update 01"]
[Source "Chessbase"]
[SourceDate "2023.11.12"]
[SourceVersion "1"]
[SourceVersionDate "2023.11.12"]
[SourceQuality "1"]

1. e4 c5 2. Nc3 Nc6 3. Nf3 e5 4. Be2 Nge7 5. 0-0 g6 6. d3 Bg7 7. h3 0-0 8. a3 d6 9. Bg5 h6 10. Bd2 Be6 11. Qc1 Kh7 12. Nh2 Nd4 13. Bg4 f5 14. exf5 gxf5 15. Bh5 f4 16. Qd1 Nef5 17. Ne4 Nh4 18. f3 d5 19. Nxc5 Qg5 20. Bg4 h5 21. c3 hxg4 22. fxg4 b6 23. cxd4 bxc5 24. dxc5 e4 25. Bc3 d4 26. Be1 e3 27. Bxh4 Qxh4 28. Nf3 Qe7 29. b4 Bxg4 30. hxg4 e2 31. Qb3 exf1Q+ 32. Rxf1 Qe3+ 33. Kh1 Rh8 34. Qf7 Qe8 1/2-1/2

[Event "Arco op 45th"]
[Site "Arco"]
[Date "2023.10.12"]
[Round "6"]
[White "Rametta, Marcello"]
[Black "Bossi, Alessandro"]
[Result "0-1"]
[WhiteElo "1725"]
[BlackElo "1873"]
[PlyCount "70"]
[EventDate "2023.10.07"]
[EventType "swiss"]
[EventRounds "9"]
[EventCountry "ITA"]
[SourceTitle "Mega2024 Update 01"]
[Source "Chessbase"]
[SourceDate "2023.11.12"]
[SourceVersion "1"]
[SourceVersionDate "2023.11.12"]
[SourceQuality "1"]

1. e4 c5 2. c3 d6 3. Bd3 g6 4. h3 Bg7 5. Nf3 Nc6 6. Bc2 e5 7. d3 Nge7 8. 0-0 0-0 9. Bg5 h6 10. Be3 f5 11. exf5 gxf5 12. Nh2 f4 13. Bc1 Qe8 14. Re1 Bf5 15. Nd2 Qg6 16. Qf3 d5 17. Bb3 Rad8 18. c4 Nd4 19. cxd5 Nxf3+ 20. Ndxf3 Nxd5 21. Nh4 Qf6 22. N4f3 Rfe8 23. Bxf4 exf4 24. Rxe8+ Rxe8 25. Bxd5+ Kh8 26. Rd1 Qxb2 27. Nh4 Bxd3 28. Bf7 Rf8 29. Bh5 c4 30. Nf1 Bd4 31. Nd2 c3 32. Ne4 Bxe4 33. Rxd4 c2 34. Rxe4 c1Q+ 35. Kh2 Qbb1 0-1

[Event "Isola di Capo Rizzuto op"]
[Site "Isola di Capo Rizzuto"]
[Date "2014.07.13"]
[Round "7"]
[White "Colantonio, Marco"]
[Black "Rametta, Marcello"]
[Result "1-0"]
[WhiteElo "1705"]
[BlackElo "1788"]
[PlyCount "87"]
[EventDate "2014.07.07"]
[EventType "swiss"]
[EventRounds "7"]
[EventCountry "ITA"]
[SourceTitle "EXT 2024"]
[Source "ChessBase"]
[SourceDate "2023.10.10"]
[SourceVersion "1"]
[SourceVersionDate "2023.10.10"]
[SourceQuality "1"]

1. e4 c5 2. c3 e6 3. d4 cxd4 4. cxd4 d5 5. e5 a6 6. a3 Nc6 7. Nf3 h6 8. Nc3 b5 9. b4 Qb6 10. g3 Nge7 11. Bg2 Nf5 12. Ne2 a5 13. bxa5 Nxa5 14. Bd2 Nc4 15. Bb4 Bxb4+ 16. axb4 Rxa1 17. Qxa1 0-0 18. 0-0 Bb7 19. Qc3 Ra8 20. Ra1 Ra4 21. Rxa4 bxa4 22. Nd2 Ba6 23. Nxc4 Bxc4 24. Bf1 Bxe2 25. Bxe2 Qxd4 26. Qc8+ Kh7 27. b5 a3 28. Qa6 Qxe5 29. b6 Nd4 30. Bd3+ g6 31. Qxa3 Nf3+ 32. Kg2 Ne1+ 33. Kf1 Nxd3 34. Qxd3 d4 35. b7 Qb8 36. Qf3 Qc7 37. Qb3 d3 38. b8Q Qc1+ 39. Kg2 Qc6+ 40. Kh3 Qf3 41. Qf4 Qh5+ 42. Kg2 Kg7 43. Qxd3 e5 44. Qfe4 1-0

[Event "Isola di Capo Rizzuto op"]
[Site "Isola di Capo Rizzuto"]
[Date "2014.07.10"]
[Round "4"]
[White "Rametta, Marcello"]
[Black "Forlano, Luigi"]
[Result "0-1"]
[WhiteElo "1788"]
[BlackElo "1956"]
[PlyCount "112"]
[EventDate "2014.07.07"]
[EventType "swiss"]
[EventRounds "7"]
[EventCountry "ITA"]
[SourceTitle "EXT 2024"]
[Source "ChessBase"]
[SourceDate "2023.10.10"]
[SourceVersion "1"]
[SourceVersionDate "2023.10.10"]
[SourceQuality "1"]

1. e4 c6 2. Nf3 d5 3. exd5 cxd5 4. d4 Bg4 5. Be2 Nc6 6. c3 e6 7. h3 Bxf3 8. Bxf3 Nf6 9. Bg5 Be7 10. Nd2 0-0 11. Qe2 Qc7 12. Nf1 b5 13. Ne3 b4 14. 0-0 bxc3 15. bxc3 Na5 16. Rac1 Rac8 17. Rfe1 Ba3 18. Rc2 Nd7 19. Ng4 Nc4 20. Bc1 Rb8 21. Qd3 Rb1 22. Kf1 Rfb8 23. g3 Bxc1 24. Rexc1 Rxc1+ 25. Rxc1 Qa5 26. Qe2 Rb2 27. Rc2 Qxa2 28. Rxb2 Qxb2 29. Qe1 Nd2+ 30. Kg2 Qxc3 31. Bxd5 Nf8 32. Ba2 Qxd4 33. Qc1 Qe4+ 34. Kg1 Nf3+ 35. Kf1 Nh2+ 36. Kg1 Nxg4 37. hxg4 Qxg4 38. Qc3 Qd1+ 39. Kg2 Qa4 40. Bb3 Qe4+ 41. Kg1 Qb7 42. Qd3 a5 43. Ba4 Qb4 44. Be8 a4 45. Qf3 f5 46. Qa8 a3 47. Qa7 Qd6 48. Bf7+ Kh8 49. Qa8 e5 50. Ba2 g6 51. Qe8 Kg7 52. Kh2 Nd7 53. Kh3 Nf6 54. Qf7+ Kh6 55. Kh4 Ng4 56. Qa7 Qd4 0-1

[Event "Isola di Capo Rizzuto op"]
[Site "Isola di Capo Rizzuto"]
[Date "2014.07.08"]
[Round "2"]
[White "Rametta, Marcello"]
[Black "Malerba, Gianluca"]
[Result "1-0"]
[WhiteElo "1788"]
[BlackElo "1476"]
[PlyCount "91"]
[EventDate "2014.07.07"]
[EventType "swiss"]
[EventRounds "7"]
[EventCountry "ITA"]
[SourceTitle "EXT 2024"]
[Source "ChessBase"]
[SourceDate "2023.10.10"]
[SourceVersion "1"]
[SourceVersionDate "2023.10.10"]
[SourceQuality "1"]

1. e4 e5 2. Bc4 Nf6 3. d3 Be7 4. Nf3 d6 5. c3 0-0 6. h3 c6 7. Bb3 Na6 8. Bg5 Nc5 9. Bc2 Ne6 10. Be3 h6 11. Nbd2 a5 12. Nf1 Nh7 13. h4 Nf4 14. Bxf4 exf4 15. Qd2 f5 16. e5 Re8 17. 0-0-0 a4 18. Qxf4 dxe5 19. Qc4+ Qd5 20. Nxe5 Qxc4 21. Nxc4 b5 22. Nb6 Rb8 23. Nxc8 Rexc8 24. d4 Rf8 25. Ne3 f4 26. Ng4 f3 27. gxf3 Rxf3 28. Ne5 Rxf2 29. Nxc6 Rb7 30. d5 Bd6 31. Nd8 Rd7 32. Ne6 Rdf7 33. Bd3 a3 34. bxa3 Bxa3+ 35. Kb1 Rb2+ 36. Ka1 Rff2 37. Bb1 Rb4 38. Bxh7+ Kxh7 39. cxb4 Bxb4 40. Rh3 Bd6 41. Kb1 b4 42. Nd8 Be5 43. Rb3 Bc3 44. d6 Bf6 45. Ne6 Bxh4 46. Rxb4 1-0

[Event "Calabria Province-ch"]
[Site "Crotone"]
[Date "2012.12.30"]
[Round "4"]
[White "Rametta, Marcello"]
[Black "Manfredi, Candido"]
[Result "0-1"]
[WhiteElo "1778"]
[BlackElo "1708"]
[PlyCount "66"]
[EventDate "2012.12.28"]
[EventType "swiss"]
[EventRounds "5"]
[EventCountry "ITA"]
[SourceTitle "EXT 2024"]
[Source "ChessBase"]
[SourceDate "2023.10.10"]
[SourceVersion "1"]
[SourceVersionDate "2023.10.10"]
[SourceQuality "1"]

1. e4 e6 2. e5 d5 3. d4 c5 4. c3 Nc6 5. Bb5 Bd7 6. Bxc6 Bxc6 7. Nf3 cxd4 8. cxd4 Bb4+ 9. Bd2 Bxd2+ 10. Qxd2 f5 11. 0-0 Nh6 12. Ng5 Qe7 13. b4 0-0 14. a4 a6 15. Na3 f4 16. h4 Nf5 17. Qxf4 h6 18. Nf3 Qxb4 19. Nc2 Qe7 20. Ne3 a5 21. Nxf5 Rxf5 22. Qe3 Raf8 23. Rfb1 Qe8 24. Qc3 Qg6 25. Kf1 Qg4 26. Rb2 Rxf3 27. gxf3 Rxf3 28. Qxa5 Qxd4 29. Qd8+ Kh7 30. Qb6 Qxe5 31. Re1 Qf6 32. Rbe2 d4 33. Rxe6 Rxf2+ 0-1

[Event "Calabria Province-ch"]
[Site "Crotone"]
[Date "2012.12.29"]
[Round "2"]
[White "Rametta, Marcello"]
[Black "Grillo, Gianluca"]
[Result "1-0"]
[WhiteElo "1778"]
[BlackElo "1335"]
[PlyCount "65"]
[EventDate "2012.12.28"]
[EventType "swiss"]
[EventRounds "5"]
[EventCountry "ITA"]
[SourceTitle "EXT 2024"]
[Source "ChessBase"]
[SourceDate "2023.10.10"]
[SourceVersion "1"]
[SourceVersionDate "2023.10.10"]
[SourceQuality "1"]

1. e4 e5 2. Bc4 Be7 3. Nf3 Nc6 4. c3 d6 5. d3 Bg4 6. Qb3 Qd7 7. Bxf7+ Kd8 8. Bxg8 Qe8 9. Bd5 Bh5 10. Qxb7 Rc8 11. Qxc6 Qxc6 12. Bxc6 Bxf3 13. gxf3 Rf8 14. Ke2 g5 15. Be3 a6 16. Ba7 g4 17. fxg4 Bh4 18. Bb7 c5 19. Bxc8 Rxf2+ 20. Ke3 Kxc8 21. Nd2 Kb7 22. Bxc5 dxc5 23. Raf1 Rxf1 24. Rxf1 Bg5+ 25. Ke2 Bf4 26. h4 Kc6 27. g5 a5 28. Nf3 Kd6 29. h5 Ke7 30. g6 hxg6 31. hxg6 Kf8 32. Nxe5 Kg7 33. Rxf4 1-0

[Event "Amantea op-B 9th"]
[Site "Amantea"]
[Date "2011.09.11"]
[Round "8"]
[White "Rametta, Marcello"]
[Black "Valotta, Massimiliano"]
[Result "0-1"]
[WhiteElo "1748"]
[BlackElo "1855"]
[PlyCount "65"]
[EventDate "2011.09.04"]
[EventType "swiss"]
[EventRounds "8"]
[EventCountry "ITA"]
[SourceTitle "EXT 2014"]
[Source "ChessBase"]
[SourceDate "2013.11.20"]
[SourceVersion "1"]
[SourceVersionDate "2013.11.20"]
[SourceQuality "1"]

1. e4 g6 2. Bc4 d6 3. d3 Bg7 4. c3 Nf6 5. h3 e5 6. Nf3 0-0 7. Bg5 h6 8. Bh4 Be6 9. Nbd2 Bxc4 10. Nxc4 b5 11. Ne3 Qd7 12. Qd2 g5 13. Bg3 Nc6 14. Nf5 Ne7 15. Nxg7 Kxg7 16. h4 g4 17. Nh2 Nh5 18. Qe3 f5 19. f4 Ng6 20. exf5 exf4 21. Qd4+ Ne5 22. Bxf4 Nxf4 23. Kd2 Qxf5 24. Rae1 Qxd3+ 25. Qxd3 Nfxd3 26. Re2 h5 27. Nf1 Nf2 28. Rg1 Nc4+ 29. Kc2 Rae8 30. Rxe8 Rxe8 31. Ng3 Kg6 32. Kb3 Nd3 33. Rf1 0-1

[Event "Amantea op-B 9th"]
[Site "Amantea"]
[Date "2011.09.09"]
[Round "6"]
[White "Rametta, Marcello"]
[Black "Suriano, Davide"]
[Result "1-0"]
[WhiteElo "1748"]
[BlackElo "1476"]
[PlyCount "55"]
[EventDate "2011.09.04"]
[EventType "swiss"]
[EventRounds "8"]
[EventCountry "ITA"]
[SourceTitle "EXT 2014"]
[Source "ChessBase"]
[SourceDate "2013.11.20"]
[SourceVersion "1"]
[SourceVersionDate "2013.11.20"]
[SourceQuality "1"]

1. e4 c5 2. Bc4 Nc6 3. c3 Nf6 4. d3 e5 5. h3 d5 6. exd5 Nxd5 7. Nf3 Be7 8. Be3 Nxe3 9. fxe3 e4 10. dxe4 Qxd1+ 11. Kxd1 Be6 12. Bxe6 fxe6 13. Kc2 Rd8 14. Nbd2 0-0 15. Rad1 b5 16. Nb3 a5 17. Nc1 Bf6 18. Nd3 c4 19. Nc5 Rfe8 20. Rxd8 Bxd8 21. Nd4 Nxd4+ 22. exd4 b4 23. Rf1 Bc7 24. e5 h6 25. Rf4 Bb6 26. Nb7 Re7 27. Nd6 Rd7 28. Nxc4 1-0

[Event "Praia op 3rd"]
[Site "Praia a Mare"]
[Date "2011.04.21"]
[Round "3"]
[White "Rametta, Marcello"]
[Black "Chite, Carmelo"]
[Result "1-0"]
[WhiteElo "1725"]
[BlackElo "1458"]
[PlyCount "81"]
[EventDate "2011.04.20"]
[EventType "swiss"]
[EventRounds "5"]
[EventCountry "ITA"]
[SourceTitle "EXT 2023"]
[Source "ChessBase"]
[SourceDate "2022.10.05"]
[SourceVersion "1"]
[SourceVersionDate "2022.10.05"]
[SourceQuality "1"]

1. e4 d5 2. exd5 Qxd5 3. Nc3 Qd6 4. Be2 Nf6 5. h3 a6 6. Nf3 b5 7. d3 Bb7 8. Be3 e6 9. Qd2 Nc6 10. Bf4 Qd8 11. 0-0 Bd6 12. Rfe1 0-0 13. Ng5 Bxf4 14. Qxf4 h6 15. Nge4 e5 16. Nxf6+ Qxf6 17. Qxf6 gxf6 18. Bf3 Rab8 19. Nd5 Nd4 20. Nxf6+ Kg7 21. Nh5+ Kh8 22. Bxb7 Rxb7 23. Rac1 Rg8 24. Kf1 Rg5 25. Nf6 c6 26. Ne4 Rg6 27. Nc5 Re7 28. c3 Nf5 29. Nxa6 Nh4 30. g3 Nf3 31. Re3 Rf6 32. Nc5 Ng5 33. Kg2 Rg6 34. h4 Ne6 35. Nxe6 Rexe6 36. Rce1 f6 37. f4 f5 38. Rxe5 Rxe5 39. Rxe5 Rf6 40. d4 Kh7 41. Kf2 1-0

[Event "St Eufemia d'Aspromonte op-B 4th"]
[Site "St Eufemia d'Aspromonte"]
[Date "2011.01.04"]
[Round "4"]
[White "Rametta, Marcello"]
[Black "Vazzana, Antonio"]
[Result "1-0"]
[WhiteElo "1741"]
[BlackElo "1497"]
[PlyCount "86"]
[EventDate "2011.01.02"]
[EventType "swiss"]
[EventRounds "8"]
[EventCountry "ITA"]
[SourceTitle "EXT 2013"]
[Source "ChessBase"]
[SourceDate "2012.11.22"]
[SourceVersion "1"]
[SourceVersionDate "2012.11.22"]
[SourceQuality "1"]

1. e4 c5 2. c3 Nf6 3. Bd3 d6 4. h3 e6 5. Nf3 Be7 6. Bc2 Qa5 7. 0-0 c4 8. Re1 0-0 9. d4 cxd3 10. Qxd3 b6 11. e5 Ba6 12. Qd2 dxe5 13. Rxe5 b5 14. Nd4 Rd8 15. Qe3 Qb6 16. b4 Nbd7 17. Rg5 h6 18. Rxg7+ Kxg7 19. Qg3+ Kf8 20. Bxh6+ Ke8 21. Qg7 Bf8 22. Qh8 Ke7 23. Bg5 Bb7 24. Nd2 Qc7 25. Re1 e5 26. Nxb5 Qc6 27. Ne4 Qxb5 28. Nxf6 Kd6 29. Ne4+ Bxe4 30. Bxe4 Be7 31. Qh6+ f6 32. Bxa8 Rxa8 33. Be3 a5 34. Rd1+ Kc7 35. Qh7 Re8 36. a3 axb4 37. axb4 Qa4 38. Qd3 Qc6 39. Rc1 Nc5 40. Bxc5 Qb7 41. Bxe7 Kb8 42. Bxf6 Rg8 43. Bxe5+ Ka8 1-0

[Event "St Eufemia d'Aspromonte op-B 4th"]
[Site "St Eufemia d'Aspromonte"]
[Date "2011.01.03"]
[Round "2"]
[White "Rametta, Marcello"]
[Black "Zarzaca, Antonio"]
[Result "1-0"]
[WhiteElo "1741"]
[BlackElo "1502"]
[PlyCount "94"]
[EventDate "2011.01.02"]
[EventType "swiss"]
[EventRounds "8"]
[EventCountry "ITA"]
[SourceTitle "EXT 2013"]
[Source "ChessBase"]
[SourceDate "2012.11.22"]
[SourceVersion "1"]
[SourceVersionDate "2012.11.22"]
[SourceQuality "1"]

1. e4 c6 2. d4 d5 3. exd5 cxd5 4. h3 Nc6 5. Nf3 a6 6. Bd2 Nf6 7. Nc3 Bf5 8. Be2 h6 9. Be3 Nb4 10. Rc1 e6 11. a3 Nc6 12. 0-0 Be7 13. Bd3 Bxd3 14. Qxd3 0-0 15. Ne2 Na5 16. Nf4 Nc4 17. b4 Ne4 18. Ne5 Rc8 19. Nxc4 Rxc4 20. c3 Qc7 21. Ne2 Rc8 22. Bd2 Rc6 23. f3 Nd6 24. Bf4 Qd7 25. Rc2 Nf5 26. Rfc1 b5 27. g4 Nh4 28. Bg3 Ng6 29. f4 f5 30. Rf1 Rf8 31. Be1 Qd8 32. Bd2 Bh4 33. Kg2 Qe8 34. Ng3 Bxg3 35. Kxg3 Qe7 36. Kh2 Qf6 37. Qg3 Qh4 38. Qxh4 Nxh4 39. Kg3 Ng6 40. g5 hxg5 41. fxg5 e5 42. dxe5 Nxe5 43. Be3 g6 44. Bd4 Nc4 45. Re2 Nxa3 46. Re7 Rf7 47. Re8+ Kh7 1-0

[Event "St Eufemia d'Aspromonte op-B 4th"]
[Site "St Eufemia d'Aspromonte"]
[Date "2011.01.02"]
[Round "1"]
[White "Luppino, Domenico"]
[Black "Rametta, Marcello"]
[Result "1/2-1/2"]
[WhiteElo "1512"]
[BlackElo "1741"]
[PlyCount "87"]
[EventDate "2011.01.02"]
[EventType "swiss"]
[EventRounds "8"]
[EventCountry "ITA"]
[SourceTitle "EXT 2013"]
[Source "ChessBase"]
[SourceDate "2012.11.22"]
[SourceVersion "1"]
[SourceVersionDate "2012.11.22"]
[SourceQuality "1"]

1. e4 c5 2. Nf3 Nc6 3. d4 cxd4 4. Nxd4 Nxd4 5. Qxd4 a6 6. Nc3 e6 7. Bc4 b5 8. Bb3 Bb7 9. f3 Rc8 10. Be3 Nf6 11. Rd1 Bc5 12. Qd2 Bxe3 13. Qxe3 0-0 14. 0-0 Qc7 15. Rd2 Rfe8 16. Qf2 b4 17. Na4 Rcd8 18. Rfd1 d5 19. Nc5 a5 20. Nxb7 Qxb7 21. exd5 exd5 22. Qc5 Qa8 23. Bxd5 Nxd5 24. Rxd5 Rxd5 25. Rxd5 Qa6 26. Re5 Rd8 27. Qd4 Qc8 28. Qe4 Qb8 29. Qe3 Qa8 30. Qc5 f6 31. Re4 Rd5 32. Qc4 Kf8 33. Rd4 Re5 34. Qd3 Qa7 35. Kf1 Qc5 36. Rd8+ Kf7 37. f4 Rf5 38. Qe4 Qb5+ 39. Kf2 h5 40. g3 g5 41. Rd3 Qc5+ 42. Re3 g4 43. Kg2 Kg6 44. Qe8+ 1/2-1/2

[Event "Amantea op-B 8th"]
[Site "Amantea"]
[Date "2010.08.31"]
[Round "3"]
[White "Rametta, Marcello"]
[Black "Martino, Giovanni"]
[Result "1-0"]
[WhiteElo "1778"]
[BlackElo "1536"]
[PlyCount "70"]
[EventDate "2010.08.29"]
[EventType "swiss"]
[EventRounds "9"]
[EventCountry "ITA"]
[SourceTitle "CBM 138 Extra"]
[Source "ChessBase"]
[SourceDate "2010.10.29"]
[SourceVersion "1"]
[SourceVersionDate "2010.10.29"]
[SourceQuality "1"]

1. e4 c5 2. c3 Nf6 3. Bd3 Nc6 4. Bc2 e5 5. h3 Be7 6. Nf3 d5 7. exd5 Qxd5 8. 0-0 e4 9. Nh2 Ne5 10. Ba4+ Bd7 11. Bxd7+ Qxd7 12. f3 Qd3 13. fxe4 Nxe4 14. Nf3 Nc4 15. Qa4+ Kd8 16. Qb5 Ned6 17. Qxc5 Ne4 18. Qd4+ Qxd4+ 19. Nxd4 Bc5 20. d3 Ng3 21. dxc4 Nxf1 22. Kxf1 Bd6 23. Bg5+ Kd7 24. Nf5 Be5 25. Na3 h6 26. Be3 a6 27. Rd1+ Ke6 28. Nd4+ Kd7 29. c5 Rac8 30. Nc4 Bc7 31. Nf5+ Ke6 32. Nxg7+ Kf6 33. Nh5+ Ke7 34. Bd4 Rhg8 35. Re1+ Kd7 1-0

[Event "Amantea op-B 8th"]
[Site "Amantea"]
[Date "2010.08.30"]
[Round "2"]
[White "Fariselli, Umberto"]
[Black "Rametta, Marcello"]
[Result "0-1"]
[WhiteElo "1458"]
[BlackElo "1778"]
[PlyCount "77"]
[EventDate "2010.08.29"]
[EventType "swiss"]
[EventRounds "9"]
[EventCountry "ITA"]
[SourceTitle "CBM 138 Extra"]
[Source "ChessBase"]
[SourceDate "2010.10.29"]
[SourceVersion "1"]
[SourceVersionDate "2010.10.29"]
[SourceQuality "1"]

1. d4 d5 2. g3 Nf6 3. Bg2 g6 4. c3 Bg7 5. Bf4 c6 6. Nd2 0-0 7. Ngf3 Nbd7 8. 0-0 Ng4 9. h3 Ngf6 10. Re1 Nh5 11. Be3 e5 12. dxe5 Nxe5 13. Bd4 f6 14. e3 Nd3 15. Re2 Bh6 16. Qc2 Bf5 17. Qb3 c5 18. g4 cxd4 19. gxh5 dxe3 20. fxe3 Re8 21. Nd4 Bxe3+ 22. Kh1 Nf2+ 23. Kh2 Qd6+ 24. Kg1 Nxh3+ 25. Kf1 Nf4 26. Nxf5 gxf5 27. Bf3 Nxe2 28. Bxd5+ Kh8 29. Kxe2 Bg5+ 30. Kd3 Qf4 31. Rd1 Re3+ 32. Kc2 Re2 33. Qxb7 Rxd2+ 34. Rxd2 Qxd2+ 35. Kb3 Rd8 36. Qb4 Qxd5+ 37. c4 Qd3+ 38. Ka4 Qc2+ 39. Ka5 0-1

[Event "Costa Viola op 3rd"]
[Site "St Eufemia d'Aspromonte"]
[Date "2010.01.03"]
[Round "3"]
[White "Massaro, Umile"]
[Black "Rametta, Marcello"]
[Result "0-1"]
[WhiteElo "1440"]
[BlackElo "1732"]
[PlyCount "90"]
[EventDate "2010.01.02"]
[EventType "swiss"]
[EventRounds "7"]
[EventCountry "ITA"]
[SourceTitle "EXT 2011"]
[Source "ChessBase"]
[SourceDate "2010.11.26"]
[SourceVersion "1"]
[SourceVersionDate "2010.11.26"]
[SourceQuality "1"]

1. e4 c5 2. Nf3 Nc6 3. Bb5 Na5 4. Nc3 a6 5. Be2 e6 6. d4 cxd4 7. Nxd4 b5 8. a3 Bb7 9. b4 Nc6 10. Bb2 Nf6 11. Bf3 Qb6 12. Nxc6 dxc6 13. 0-0 Be7 14. Qe2 0-0 15. Rfd1 Rad8 16. Rd3 Nd7 17. Rad1 Ne5 18. Rxd8 Rxd8 19. Na2 Nxf3+ 20. Qxf3 c5 21. Qg4 Rxd1+ 22. Qxd1 Bxe4 23. Qg4 Bg6 24. h4 Bf8 25. bxc5 Qxc5 26. Nb4 a5 27. Na6 Qxc2 28. Qd4 Qe4 29. Qc3 b4 30. axb4 axb4 31. Qd4 Qxd4 32. Bxd4 b3 33. Kf1 Bc2 34. Ke1 Bd6 35. Kd2 f6 36. Kc1 e5 37. Bc5 Bd3 38. Nb4 Bxc5 39. Nxd3 Bd4 40. f3 f5 41. g3 e4 42. fxe4 fxe4 43. Nf4 Be3+ 44. Kb2 Bxf4 45. gxf4 e3 0-1

[Event "Calabria Region-ch"]
[Site "Amantea"]
[Date "2009.06.01"]
[Round "4"]
[White "Olivo, Paolo"]
[Black "Rametta, Marcello"]
[Result "1-0"]
[WhiteElo "1649"]
[BlackElo "1738"]
[PlyCount "97"]
[EventDate "2009.05.30"]
[EventType "swiss"]
[EventRounds "6"]
[EventCountry "ITA"]
[SourceTitle "EXT 2011"]
[Source "ChessBase"]
[SourceDate "2010.11.26"]
[SourceVersion "1"]
[SourceVersionDate "2010.11.26"]
[SourceQuality "1"]

1. e4 c5 2. Nf3 Nc6 3. d4 cxd4 4. Nxd4 Nxd4 5. Qxd4 a6 6. Nc3 e6 7. a3 b5 8. Be2 Bb7 9. 0-0 Nf6 10. Bf4 d5 11. e5 Nd7 12. Bg3 Be7 13. Qg4 0-0 14. Rad1 Rc8 15. Bd3 Nc5 16. Be2 Qb6 17. Bf4 Rfd8 18. Bh6 g6 19. Be3 Qc6 20. Bf3 Nd7 21. Qf4 Qc7 22. Bd4 Bc5 23. Rfe1 Be7 24. h4 b4 25. axb4 Bxb4 26. h5 Bc5 27. hxg6 fxg6 28. Bg4 Qc6 29. Ne2 Rf8 30. Qg5 Rce8 31. Rd3 Kg7 32. Rh3 Rh8 33. c3 h6 34. Qe3 Be7 35. Qg3 Bg5 36. f4 Bd8 37. f5 Bb6 38. Nf4 exf5 39. Bxf5 g5 40. Nh5+ Kf8 41. Bxd7 Bxd4+ 42. cxd4 Qxd7 43. Nf6 Qa4 44. Qf2 Re7 45. Rf3 Kg7 46. Nh5+ Kg6 47. g4 Rhe8 48. b3 Qd7 49. Qc2+ 1-0

[Event "Cutro op-B 15th"]
[Site "Cutro"]
[Date "2009.04.22"]
[Round "3"]
[White "Rametta, Marcello"]
[Black "Soluri, Francesco"]
[Result "1/2-1/2"]
[WhiteElo "1738"]
[BlackElo "1500"]
[PlyCount "128"]
[EventDate "2009.04.20"]
[EventType "swiss"]
[EventRounds "7"]
[EventCountry "ITA"]
[SourceTitle "EXT 2011"]
[Source "ChessBase"]
[SourceDate "2010.11.26"]
[SourceVersion "1"]
[SourceVersionDate "2010.11.26"]
[SourceQuality "1"]

1. e4 c5 2. c3 d6 3. Bd3 Nc6 4. Nf3 Nf6 5. h3 Bd7 6. Bc2 e5 7. 0-0 Be7 8. Re1 0-0 9. a3 a5 10. d4 Qc7 11. d5 Na7 12. Nbd2 b5 13. Nf1 Nc8 14. Ng3 Nb6 15. Nh4 Rfe8 16. Nhf5 Bf8 17. Bg5 Qd8 18. Nh5 Bxf5 19. Bxf6 gxf6 20. exf5 Bh6 21. Re4 Kh8 22. Rg4 Rg8 23. Rxg8+ Kxg8 24. Qd3 c4 25. Qg3+ Kh8 26. Re1 Nd7 27. Re4 Qe7 28. Rg4 Rf8 29. b3 cxb3 30. Bxb3 Qd8 31. c4 a4 32. Ba2 bxc4 33. Bxc4 Nc5 34. Bb5 Qa5 35. Bc6 Qe1+ 36. Kh2 Ne4 37. Qf3 Nxf2 38. Rxa4 e4 39. Rxe4 Nxe4 40. a4 Nf2 41. g4 Qh1+ 42. Qxh1 Nxh1 43. Kxh1 Bg7 44. a5 Rb8 45. a6 Rb1+ 46. Kg2 Ra1 47. Bb7 Kg8 48. Kf3 Kf8 49. Ke4 Ra4+ 50. Kd3 Bh8 51. Kc3 Ke7 52. Kb3 Ra1 53. Ng3 Bg7 54. Ne4 Bh6 55. Kb4 Be3 56. Kb5 h6 57. Nc3 Rh1 58. Na4 Rb1+ 59. Kc4 Ba7 60. Nc3 Rc1 61. Kd3 Ra1 62. Nb5 Bc5 63. Ke2 Ra5 64. Nc3 Ra3 1/2-1/2

[Event "Cosenza Province-ch"]
[Site "Aieta"]
[Date "2009.04.10"]
[Round "2"]
[White "Gad, Ahmad"]
[Black "Rametta, Marcello"]
[Result "1-0"]
[WhiteElo "1944"]
[BlackElo "1738"]
[PlyCount "106"]
[EventDate "2009.04.09"]
[EventType "swiss"]
[EventRounds "5"]
[EventCountry "ITA"]
[SourceTitle "EXT 2024"]
[Source "ChessBase"]
[SourceDate "2023.10.10"]
[SourceVersion "1"]
[SourceVersionDate "2023.10.10"]
[SourceQuality "1"]

1. e4 e5 2. Nf3 d6 3. Bc4 Nf6 4. Ng5 Be6 5. Nxe6 fxe6 6. Bxe6 Qe7 7. Bc4 Nxe4 8. Qf3 c6 9. Qxe4 d5 10. Bxd5 cxd5 11. Qxd5 Nc6 12. Nc3 Rd8 13. Qf3 Nb4 14. Qd1 Qg5 15. 0-0 Qg6 16. d3 Bd6 17. Ne4 Bb8 18. Be3 0-0 19. Bc5 Nd5 20. Bxf8 Nf4 21. g3 Rxf8 22. Kh1 Nh3 23. c4 Qc6 24. f3 Qb6 25. Qd2 Rf5 26. c5 Qg6 27. b4 Ng5 28. Nxg5 Rxg5 29. Qe3 Rh5 30. Kg2 Qe6 31. Rf2 Qh3+ 32. Kg1 h6 33. Qe4 Qd7 34. Qg4 Qe8 35. Re2 Rg5 36. Qc4+ Kh8 37. d4 Qf8 38. Kg2 Rf5 39. Rf1 Qd8 40. d5 Qd7 41. Rd1 Qf7 42. Qe4 Bc7 43. d6 Bd8 44. b5 Ba5 45. c6 bxc6 46. bxc6 Bb6 47. Rc2 Qe6 48. c7 Rf8 49. Qb7 Rc8 50. d7 Rxc7 51. d8Q+ Kh7 52. Qe4+ Qg6 53. Qxg6+ Kxg6 1-0

[Event "Cosenza Province-ch"]
[Site "Aieta"]
[Date "2009.04.09"]
[Round "1"]
[White "Rametta, Marcello"]
[Black "Stoduto, Francescantonio"]
[Result "1-0"]
[WhiteElo "1738"]
[BlackElo "1536"]
[PlyCount "67"]
[EventDate "2009.04.09"]
[EventType "swiss"]
[EventRounds "5"]
[EventCountry "ITA"]
[SourceTitle "EXT 2024"]
[Source "ChessBase"]
[SourceDate "2023.10.10"]
[SourceVersion "1"]
[SourceVersionDate "2023.10.10"]
[SourceQuality "1"]

1. e4 e5 2. Bc4 c5 3. Nf3 d6 4. h3 Nc6 5. c3 h6 6. d3 Be6 7. Nbd2 a6 8. Bxe6 fxe6 9. Nc4 Nf6 10. Nh4 Ne7 11. Ne3 g5 12. Nf3 Bg7 13. Nh2 d5 14. Neg4 Nd7 15. exd5 exd5 16. Ne3 h5 17. Qb3 Nb6 18. Nf3 Bf6 19. Bd2 Qd7 20. Qxb6 Rf8 21. 0-0-0 Rc8 22. Nf1 Rc6 23. Qb3 Rg8 24. Ng3 h4 25. Nh5 c4 26. Nxf6+ Rxf6 27. dxc4 Rf5 28. Rhe1 e4 29. Nd4 Rxf2 30. cxd5 Nxd5 31. Rxe4+ Ne7 32. Qxg8+ Rf8 33. Qg6+ Kd8 34. Bxg5 1-0